| 000 | 00652cam a22002291 4500 | ||
|---|---|---|---|
| 001 | af 48004652 | ||
| 003 | DLC | ||
| 005 | 20260227110909.0 | ||
| 008 | 890530s1944 be 000 1 dut c | ||
| 010 | _aaf 48004652 | ||
| 035 | _a(OCoLC)19786048 | ||
| 040 |
_aCalifornia. Univ. Libr. _cCU _dDLC |
||
| 041 | 1 |
_adut _hger |
|
| 042 | _apremarc | ||
| 050 | 0 | 0 |
_aPT2642.I59 _bH43 |
| 100 | 1 | _aTimpe, Paul. | |
| 245 | 1 | 3 |
_aDe molenaar's dochter, _broman, _cdoor Paul Hain [pseud.] |
| 260 |
_aAntwerpen, _bUitgeverij Westernis _c[1944] |
||
| 300 |
_a158 p. _c17 cm. |
||
| 440 | 3 |
_aDe Briljant uitgave, _vnr. 18 |
|
| 500 | _aTranslation of Die Herrgottmühle. | ||
| 999 |
_c6157 _d6157 |
||